El Sacro-Monte de Granada / (Record no. 162954)

MARC details
000 -LEADER
campo de control de longitud fija 00488nam a22001575i 4500
001 - NÚMERO DE CONTROL
campo de control 162954
003 - IDENTIFICADOR DE NÚMERO DE CONTROL
campo de control ES-MaACL
005 - FECHA Y HORA DE LA ÚLTIMA TRANSACCIÓN
campo de control 20230906212633.0
008 - DATOS DE LONGITUD FIJA--INFORMACIÓN GENERAL
campo de control de longitud fija 951113s1883 sp |||| | spa d
040 ## - FUENTE DE CATALOGACIÓN
Centro catalogador/agencia de origen AS
Lengua de catalogación spa
Centro/agencia transcriptor CCPB | SIC
100 1# - ENTRADA PRINCIPAL--NOMBRE DE PERSONA
Nombre de persona Ramos López, José de.
9 (RLIN) 131577
245 13 - MENCIÓN DEL TÍTULO
Título El Sacro-Monte de Granada /
Mención de responsabilidad, etc. por José de Ramos López.
260 ## - PUBLICACIÓN, DISTRIBUCIÓN, ETC.
Lugar de publicación, distribución, etc. Madrid :
Nombre del editor, distribuidor, etc. [s.n.],
Fecha de publicación, distribución, etc. 1883 (
Fabricante Fortanet)
300 ## - DESCRIPCIÓN FÍSICA
Extensión 196 p., [1] h. de lám. ;
Dimensiones 20 cm.
852 ## - LOCALIZACIÓN
Ubicación ES-MaACL
Número de control de estantería G-2872
Nota libre -- Rust.
Holdings
Estatus retirado Estado de pérdida Estado de daño No para préstamo Colección Biblioteca de origen Biblioteca actual Ubicación en estantería Fecha de adquisición Fuente de adquisición Total de préstamos Signatura topográfica completa Código de barras Visto por última vez Precio de reemplazo Tipo de ítem Koha
        Libros del s. XIX Biblioteca del Ateneo de Madrid Biblioteca del Ateneo de Madrid Depósito 2 17/01/2008     G-2872 1170734 23/02/2023 23/02/2023 Libro impreso antiguo